000 00475nam a22001697a 4500
005 20251108164330.0
008 250721s1994 xx 000 0 ara d
082 1 4 _a921/عشر
100 1 _aالعشري، فتحي
245 1 0 _aمفكرون لكل العصور /
264 1 _aالقاهرة :
_bالدار المصرية اللبنانية،
_c1994.
300 _a256 ص
650 1 7 _aالتراجم
650 1 7 _aالفلاسفة
942 _2ddc
_cBK
999 _c9536
_d9536